Central Library OPAC University of Rajshahi

Manual for process engineering calculations / (Record no. 15860)

MARC details
000 -LEADER
fixed length control field 00790nam a2200265 a 4500
001 - CONTROL NUMBER
control field 15860
003 - CONTROL NUMBER IDENTIFIER
rucl marc code BD-RjUL
005 - DATE AND TIME OF LATEST TRANSACTION
control field 20211208235911.0
008 - FIXED-LENGTH DATA ELEMENTS--GENERAL INFORMATION
fixed length control field 720128s1962 nyua f 000 0 eng
035 ## - SYSTEM CONTROL NUMBER
System control number (BD-RjUL)15915
040 ## - CATALOGING SOURCE
Original cataloging agency DLC
Transcribing agency YNG
Modifying agency SER
-- UKM
-- BD-RjUL
Language of cataloging eng
041 ## - LANGUAGE CODE
Language code of text/sound track or separate title eng
082 ## - DEWEY DECIMAL CLASSIFICATION NUMBER
Edition number 23
Classification number 660.2
Author mark and year CLM 1962
100 1# - MAIN ENTRY--PERSONAL NAME
Personal name Clarke, Loyal.
9 (RLIN) 49189
245 10 - TITLE STATEMENT
Title Manual for process engineering calculations /
Statement of responsibility, etc. by Loyal Clarke .
250 ## - EDITION STATEMENT
Edition statement 2d ed.
260 ## - PUBLICATION, DISTRIBUTION, ETC. (IMPRINT)
Place of publication, distribution, etc. New York :
Name of publisher, distributor, etc. McGraw-Hill,
Date of publication, distribution, etc. 1962.
300 ## - PHYSICAL DESCRIPTION
Pagination vii,492 p. :
Illustrations illus. ;
Size 24 cm.
650 #0 - SUBJECT ADDED ENTRY--TOPICAL TERM
Topical term or geographic name as entry element Chemical engineering
General subdivision Handbooks, manuals, etc.
9 (RLIN) 49190
Topical term or geographic name as entry element Chemical processes
9 (RLIN) 234439
700 1# - ADDED ENTRY--PERSONAL NAME
Personal name Davidson, Robert L.
942 ## - ADDED ENTRY ELEMENTS (KOHA)
Source of classification or shelving scheme Dewey Decimal Classification
Koha item type Books
Holdings
Lost status Source of classification or shelving scheme Damaged status Not for loan Collection code Permanent Location Current Location Shelving location Date acquired Source of acquisition Cost, normal purchase price Total Checkouts Full call number Date last seen Copy number Koha item type
  Dewey Decimal Classification     Non-fiction Central Library, University of Rajshahi Central Library, University of Rajshahi   21/04/1977 W. Heffers & sons. 10.02   660.2 CLM 1962 11/02/2014 C-5 Books
  Dewey Decimal Classification   Not For Loan Non-fiction Central Library, University of Rajshahi Central Library, University of Rajshahi Reading Room 16/04/1968 Sweets & Zuitlinger 139.00   660.2 CLM 1962 23/03/2017 C-1 Books
  Dewey Decimal Classification     Non-fiction Central Library, University of Rajshahi Central Library, University of Rajshahi   12/04/1968 Swets & Zeitlinger 139.00   660.2 CLM 1962 05/11/2019 C-2 Books
  Dewey Decimal Classification     Non-fiction Central Library, University of Rajshahi Central Library, University of Rajshahi   12/04/1977 W. Heffer & Sons 10.05   660.2 CLM 1962 05/11/2019 C-3 Books
  Dewey Decimal Classification     Non-fiction Central Library, University of Rajshahi Central Library, University of Rajshahi   21/04/1977 W. Heffer & Sons 10.02   660.2 CLM 1962 05/11/2019 C-4 Books